Serbian cup champions - Statistics

General Stats
  • This quiz has been taken 833 times
  • The average score is 9 of 10
Answer Stats
Season Champion % Correct
2007-08 Partizan
99%
2008-09 Partizan
99%
2010-11 Partizan
99%
2015-16 Partizan
99%
2006-07 Red Star
90%
2009-10 Red Star
90%
2011-12 Red Star
90%
2013-14 Vojvodina
85%
2014-15 Čukarički
71%
2012-13 Jagodina
51%
No matching quizzes found
Score Distribution
Percent of People with Each Score
Percentile by Number Answered
Your Score History
You have not taken this quiz